<?xml version="1.0" encoding="UTF-8"?>
<record
    xmlns:xsi="http://www.w3.org/2001/XMLSchema-instance"
    xsi:schemaLocation="http://www.loc.gov/MARC21/slim http://www.loc.gov/standards/marcxml/schema/MARC21slim.xsd"
    xmlns="http://www.loc.gov/MARC21/slim">

  <leader>02300nam a22003497a 4500</leader>
  <datafield tag="999" ind1=" " ind2=" ">
    <subfield code="c">21831</subfield>
    <subfield code="d">21831</subfield>
  </datafield>
  <controlfield tag="003">AR-CdUCM</controlfield>
  <controlfield tag="008">190425b           ||||| |||| 00| 0 spa d</controlfield>
  <datafield tag="040" ind1=" " ind2=" ">
    <subfield code="a">MUNICIPALIDAD PROVINCIAL DEL CUSCO</subfield>
    <subfield code="c">BIBLIOTECA MUNICIPAL DEL CUSCO</subfield>
  </datafield>
  <datafield tag="082" ind1=" " ind2=" ">
    <subfield code="a">Rev.Andi/N&#xB0;4/1984</subfield>
  </datafield>
  <datafield tag="110" ind1=" " ind2=" ">
    <subfield code="a">Centro Bartolom&#xE9; de Las Casas</subfield>
    <subfield code="9">3293</subfield>
  </datafield>
  <datafield tag="245" ind1=" " ind2=" ">
    <subfield code="a">Revista andina /</subfield>
    <subfield code="c">Centro de estudios rurales andinos Bartolom&#xE9; de Las Casas Cusco</subfield>
  </datafield>
  <datafield tag="260" ind1=" " ind2=" ">
    <subfield code="a">Cusco :</subfield>
    <subfield code="b">Centro Bartolom&#xE9; de Las Casas,</subfield>
    <subfield code="c">1984.</subfield>
  </datafield>
  <datafield tag="300" ind1=" " ind2=" ">
    <subfield code="a">363-660 p&#xE1;ginas. :</subfield>
    <subfield code="c">23 cm.</subfield>
  </datafield>
  <datafield tag="440" ind1=" " ind2=" ">
    <subfield code="a">Publicaci&#xF3;n Semestral del Centro Bartolom&#xE9; de Las Casas Cusco.</subfield>
    <subfield code="n">A&#xF1;o 2, N&#xFA;mero 4, N&#xB0;2, Segundo semestre 1984.</subfield>
    <subfield code="9">46310</subfield>
  </datafield>
  <datafield tag="505" ind1=" " ind2=" ">
    <subfield code="a">Contenido: El comercio lejano y la difusi&#xF3;n del quechua el caso de Ecuador. Alfredo Torero. -- Las cargas del Sacramento.
Alberto Flores Galindo. Magdalena Chocano. -- Desigualdad, derechos de propiedad y migraci&#xF3;n en las comunidades andinas un estudio de caso de siete comunidades campesinas de la sierra sur. Daniel Cotlear. -- La fundaci&#xF3;n progresiva de un convento hospital en Parinacochas, di&#xF3;cesis del Cusco (1567-1586)  apuntes de lectura e hip&#xF3;tesis de estudio. Juan Bautista Lassegue. -- Llamas y mulas, trueque y venta el testimonio de un arriero pune&#xF1;o. Mar&#xED;a Susana Cipolletti. -- El ciclo m&#xED;tico andino de la Piedra Cansada. Maarten Van de Guchte. -- Los atributos del hogar econom&#xED;a dom&#xE9;stica y la encomienda en el Per&#xFA; colonial. Enrique Mayer. -- Los Quirua de los valles pace&#xF1;os una tentativa de identificaci&#xF3;n en la &#xE9;poca prehisp&#xE1;nica. Carmen Beatriz Loza. -- La Chupa rito ganadero andino. Ulpiano Quispe. -- Chucuito en 1782. Una descripci&#xF3;n. Manuel Mi&#xF1;o Grijalva.</subfield>
  </datafield>
  <datafield tag="650" ind1=" " ind2=" ">
    <subfield code="a">Comunidades campesinas</subfield>
    <subfield code="9">2214</subfield>
  </datafield>
  <datafield tag="650" ind1=" " ind2=" ">
    <subfield code="a">Econom&#xED;a campesina</subfield>
    <subfield code="9">2215</subfield>
  </datafield>
  <datafield tag="650" ind1=" " ind2=" ">
    <subfield code="a">Cultura andina</subfield>
    <subfield code="9">46295</subfield>
  </datafield>
  <datafield tag="650" ind1=" " ind2=" ">
    <subfield code="a">Idioma Quechua</subfield>
    <subfield code="9">27790</subfield>
  </datafield>
  <datafield tag="700" ind1=" " ind2=" ">
    <subfield code="a">Torero, Alfredo</subfield>
    <subfield code="9">2062</subfield>
  </datafield>
  <datafield tag="700" ind1=" " ind2=" ">
    <subfield code="a">Flores Galindo, Alberto</subfield>
    <subfield code="9">2837</subfield>
  </datafield>
  <datafield tag="700" ind1=" " ind2=" ">
    <subfield code="a">Cotlear, Daniel</subfield>
    <subfield code="9">46311</subfield>
  </datafield>
  <datafield tag="700" ind1=" " ind2=" ">
    <subfield code="a">Lassegue, Juan Bautista</subfield>
    <subfield code="9">46192</subfield>
  </datafield>
  <datafield tag="700" ind1=" " ind2=" ">
    <subfield code="a">Cipolletti, Mar&#xED;a Susana</subfield>
    <subfield code="9">46299</subfield>
  </datafield>
  <datafield tag="700" ind1=" " ind2=" ">
    <subfield code="a">Van de Guchte, Maarten</subfield>
    <subfield code="9">46312</subfield>
  </datafield>
  <datafield tag="700" ind1=" " ind2=" ">
    <subfield code="a">Mayer, Enrique</subfield>
    <subfield code="9">4404</subfield>
  </datafield>
  <datafield tag="700" ind1=" " ind2=" ">
    <subfield code="a">Loza, Carmen Beatriz</subfield>
    <subfield code="9">46313</subfield>
  </datafield>
  <datafield tag="700" ind1=" " ind2=" ">
    <subfield code="a">Quispe, Ulpiano</subfield>
    <subfield code="9">46314</subfield>
  </datafield>
  <datafield tag="700" ind1=" " ind2=" ">
    <subfield code="a">Mi&#xF1;o Grijalva, Manuel</subfield>
    <subfield code="9">46315</subfield>
  </datafield>
  <datafield tag="942" ind1=" " ind2=" ">
    <subfield code="2">ddc</subfield>
    <subfield code="c">PP</subfield>
  </datafield>
  <datafield tag="945" ind1=" " ind2=" ">
    <subfield code="a">rac</subfield>
  </datafield>
  <datafield tag="952" ind1=" " ind2=" ">
    <subfield code="0">0</subfield>
    <subfield code="2">ddc</subfield>
    <subfield code="4">0</subfield>
    <subfield code="7">0</subfield>
    <subfield code="a">HEM</subfield>
    <subfield code="b">HEM</subfield>
    <subfield code="c">CART</subfield>
    <subfield code="d">2021-08-20</subfield>
    <subfield code="g">10.00</subfield>
    <subfield code="o">Rev.Andi/N&#xB0;4/1984</subfield>
    <subfield code="p">REVC000304</subfield>
    <subfield code="r">2021-08-20</subfield>
    <subfield code="y">PP</subfield>
  </datafield>
</record>
